[Event "Barcelona IM Norm 2nd"]
[Site "Barcelona"]
[Date "2019.05.25"]
[Round "7.1"]
[White "Petit Montes, Marc"]
[Black "Gotes Perez, Jaume"]
[Result "1-0"]
[WhiteElo "1983"]
[BlackElo "1944"]
[PlyCount "45"]
[EventDate "2019.04.06"]
[EventType "tourn"]
[EventRounds "9"]
[EventCountry "ESP"]
[SourceTitle "EXT 2024"]
[Source "ChessBase"]
[SourceDate "2023.10.10"]
[SourceVersion "1"]
[SourceVersionDate "2023.10.10"]
[SourceQuality "1"]

1. e4 e5 2. Nf3 Nc6 3. d4 exd4 4. Nxd4 Nf6 5. Nc3 Bb4 6. Nxc6 bxc6 7. Bd3 d5 8. exd5 cxd5 9. 0-0 0-0 10. Bg5 Bb7 11. Qf3 Be7 12. Rfe1 h6 13. Bh4 Rb8 14. Rad1 c6 15. Ne2 Bc8 16. h3 c5 17. c4 d4 18. Nf4 Bb7 19. Qe2 Bd6 20. Nh5 g5 21. Bg3 Nxh5 22. Qxh5 Kg7 23. Re6 1-0

[Event "Barcelona IM Norm 2nd"]
[Site "Barcelona"]
[Date "2019.05.11"]
[Round "5.2"]
[White "Petit Montes, Marc"]
[Black "Moravich Casais, Juan Santiago"]
[Result "0-1"]
[WhiteElo "1983"]
[BlackElo "1993"]
[PlyCount "102"]
[EventDate "2019.04.06"]
[EventType "tourn"]
[EventRounds "9"]
[EventCountry "ESP"]
[SourceTitle "EXT 2024"]
[Source "ChessBase"]
[SourceDate "2023.10.10"]
[SourceVersion "1"]
[SourceVersionDate "2023.10.10"]
[SourceQuality "1"]

1. c4 Nf6 2. d4 d6 3. Nf3 g6 4. Nc3 Bf5 5. Bg5 Ne4 6. Nxe4 Bxe4 7. Nd2 Bc6 8. Qb3 b6 9. d5 Bd7 10. Qc3 f6 11. h4 Bg7 12. h5 h6 13. Be3 g5 14. f4 0-0 15. Bd4 c5 16. Bf2 Qe8 17. e4 Bg4 18. Be2 Bxe2 19. Kxe2 e6 20. dxe6 f5 21. Qd3 Qxe6 22. fxg5 hxg5 23. Rab1 Nc6 24. Qd5 Qxd5 25. exd5 Rae8+ 26. Kf1 Nd4 27. Bxd4 Bxd4 28. Nf3 Bf6 29. b3 Kg7 30. Re1 Kh6 31. Kf2 Re4 32. Nd2 Bd4+ 33. Kf1 Rf4+ 34. Ke2 Rf2+ 35. Kd3 Rxg2 36. Re7 f4 37. Ne4 f3 38. Nxd6 f2 39. Rf1 Rg1 40. Ke2 g4 41. Rf7 Rxf7 42. Nxf7+ Kxh5 43. d6 g3 44. d7 g2 45. Rxf2 Bxf2 46. d8Q Re1+ 47. Kf3 g1Q 48. Qh8+ Kg6 49. Ne5+ Rxe5 50. Qxe5 Bd4 51. Qd6+ Kh7 0-1

[Event "Barcelona IM Norm 2nd"]
[Site "Barcelona"]
[Date "2019.04.13"]
[Round "2.3"]
[White "Garcia Playa, David"]
[Black "Petit Montes, Marc"]
[Result "1/2-1/2"]
[WhiteElo "2057"]
[BlackElo "1983"]
[PlyCount "115"]
[EventDate "2019.04.06"]
[EventType "tourn"]
[EventRounds "9"]
[EventCountry "ESP"]
[SourceTitle "EXT 2024"]
[Source "ChessBase"]
[SourceDate "2023.10.10"]
[SourceVersion "1"]
[SourceVersionDate "2023.10.10"]
[SourceQuality "1"]

1. e4 c6 2. Nc3 d5 3. Nf3 Bg4 4. h3 Bxf3 5. Qxf3 e6 6. d3 Bb4 7. Bd2 d4 8. Nb1 Bd6 9. g4 Nd7 10. Bg2 g5 11. c3 c5 12. Na3 Ne5 13. Qe2 Ng6 14. Nc4 Bf4 15. e5 Kf8 16. Bxb7 Rb8 17. Be4 N8e7 18. cxd4 cxd4 19. h4 Nd5 20. Bxg6 hxg6 21. h5 Bxd2+ 22. Qxd2 Nf4 23. 0-0-0 gxh5 24. gxh5 Kg7 25. h6+ Rxh6 26. Rxh6 Kxh6 27. Rh1+ Kg7 28. Rg1 Kh6 29. f3 Qd5 30. Qh2+ Nh5 31. Qh3 Kg6 32. Qg4 f6 33. f4 Rg8 34. exf6 Nxf6 35. Qxg5+ Qxg5 36. Rxg5+ Kf7 37. Ne5+ Kf8 38. Rxg8+ Kxg8 39. Nc6 Nd5 40. Nxd4 Nxf4 41. Kd2 Kf7 42. Nc6 a6 43. Nb8 a5 44. a4 Ke7 45. Nc6+ Kd6 46. Nxa5 Kc5 47. Nb7+ Kb4 48. b3 Kxb3 49. a5 Nd5 50. a6 Kb4 51. a7 Nb6 52. Ke3 Kb5 53. Nd6+ Kc6 54. Nc4 Nd5+ 55. Kd4 Kb7 56. a8Q+ Kxa8 57. Ke5 Nb4 58. d4 1/2-1/2

[Event "Barcelona Espiga de les Corts-A 1st"]
[Site "Barcelona"]
[Date "2018.06.09"]
[Round "9.4"]
[White "Jul Perez, Alberto"]
[Black "Petit Montes, Marc"]
[Result "1-0"]
[WhiteElo "1995"]
[BlackElo "1972"]
[PlyCount "111"]
[EventDate "2018.04.14"]
[EventType "swiss"]
[EventRounds "9"]
[EventCountry "ESP"]
[SourceTitle "EXT 2024"]
[Source "ChessBase"]
[SourceDate "2023.10.10"]
[SourceVersion "1"]
[SourceVersionDate "2023.10.10"]
[SourceQuality "1"]

1. e4 c6 2. d4 d5 3. Nc3 dxe4 4. Nxe4 Bf5 5. Ng3 Bg6 6. h4 h6 7. h5 Bh7 8. Nf3 Nd7 9. Bd3 Bxd3 10. Qxd3 Qc7 11. Be3 Ngf6 12. 0-0-0 e6 13. Ne4 Nxe4 14. Qxe4 Nf6 15. Qd3 0-0-0 16. Qb3 Bd6 17. Kb1 Nd5 18. c4 Nxe3 19. fxe3 c5 20. e4 cxd4 21. Nxd4 a6 22. Qa4 Rd7 23. Nb3 Rhd8 24. c5 Be5 25. Rxd7 Qxd7 26. Qxd7+ Rxd7 27. c6 bxc6 28. Rc1 Kc7 29. Na5 Kb6 30. Nc4+ Kb5 31. Nxe5 Rd2 32. a4+ Kxa4 33. Rc2 Rd1+ 34. Ka2 Re1 35. b3+ Kb5 36. Nxf7 c5 37. g4 Rf1 38. Ne5 Rf4 39. Rxc5+ Kxc5 40. Nd3+ Kd4 41. Nxf4 e5 42. Ne6+ Kxe4 43. Nc5+ Kf3 44. Nxa6 e4 45. Nb4 Kxg4 46. Nc2 Kxh5 47. b4 g5 48. b5 g4 49. b6 g3 50. Ne1 Kg4 51. b7 Kh3 52. b8Q h5 53. Qc8+ Kh2 54. Qh8 g2 55. Qxh5+ Kg1 56. Qe2 1-0

[Event "Barcelona Espiga de les Corts-A 1st"]
[Site "Barcelona"]
[Date "2018.05.05"]
[Round "4.5"]
[White "Petit Montes, Marc"]
[Black "Garcia Playa, David"]
[Result "1/2-1/2"]
[WhiteElo "1972"]
[BlackElo "2070"]
[PlyCount "120"]
[EventDate "2018.04.14"]
[EventType "swiss"]
[EventRounds "9"]
[EventCountry "ESP"]
[SourceTitle "EXT 2024"]
[Source "ChessBase"]
[SourceDate "2023.10.10"]
[SourceVersion "1"]
[SourceVersionDate "2023.10.10"]
[SourceQuality "1"]

1. d4 Nf6 2. Bg5 Ne4 3. Bh4 d5 4. f3 Nf6 5. Nc3 e6 6. Qd2 Be7 7. 0-0-0 0-0 8. Qe1 b6 9. Bxf6 Bxf6 10. e4 Ba6 11. Bxa6 Nxa6 12. exd5 exd5 13. Qf1 Nb8 14. Nge2 c6 15. g4 b5 16. f4 b4 17. Na4 Qa5 18. b3 Nd7 19. Kb1 Nb6 20. Nb2 c5 21. g5 Bxd4 22. Nxd4 cxd4 23. Rxd4 Qc5 24. Qd3 a5 25. Na4 Nxa4 26. bxa4 Rac8 27. Rd1 Rfd8 28. Rd2 g6 29. h4 Qc6 30. f5 gxf5 31. Qxf5 Qe6 32. Qf3 Rc3 33. Qg2 Qe1+ 34. Rd1 Qe8 35. Rxd5 Rdc8 36. Qd2 Rxc2 37. Qxc2 Rxc2 38. Rd8 Rc8 39. Rxe8+ Rxe8 40. Rd5 Re4 41. h5 h6 42. gxh6 Kh7 43. Rxa5 Kxh6 44. Rf5 Re3 45. Kb2 Ra3 46. a5 Kg7 47. h6+ Kxh6 48. Rxf7 Rxa5 49. Rf4 Ra4 50. Rg4 Kh5 51. Rg2 Ra3 52. Rc2 Kg5 53. Rc4 Ra4 54. Kb3 Ra3+ 55. Kb2 Ra4 56. Re4 Kf5 57. Re2 Ra3 58. Re8 Kf4 59. Rb8 Ra4 60. Re8 Ra3 1/2-1/2

[Event "Badalona op-B 43rd"]
[Site "Badalona"]
[Date "2017.08.03"]
[Round "2"]
[White "Petit Montes, Marc"]
[Black "Valarezo Ricard, Pedro"]
[Result "1/2-1/2"]
[WhiteElo "1948"]
[BlackElo "1788"]
[PlyCount "50"]
[EventDate "2017.08.02"]
[EventType "swiss"]
[EventRounds "9"]
[EventCountry "ESP"]
[SourceTitle "EXT 2019"]
[Source "ChessBase"]
[SourceDate "2018.10.10"]
[SourceVersion "1"]
[SourceVersionDate "2018.10.10"]
[SourceQuality "1"]

1. b3 d5 2. Bb2 Bf5 3. e3 Nd7 4. Nf3 e6 5. c4 Ngf6 6. Nc3 c6 7. Rc1 Be7 8. d4 Ne4 9. Bd3 Nxc3 10. Bxc3 Bxd3 11. Qxd3 0-0 12. 0-0 Nf6 13. Nd2 Rc8 14. Rfd1 Bd6 15. e4 Bf4 16. f3 h5 17. g3 Bh6 18. Rc2 h4 19. Kg2 Nh5 20. Nf1 f5 21. Bd2 fxe4 22. fxe4 Qf6 23. Bxh6 Qxh6 24. Qe3 Qg6 25. Rdd2 Qh6 1/2-1/2

[Event "Badalona op-B 42nd"]
[Site "Badalona"]
[Date "2016.08.04"]
[Round "3"]
[White "Corrales Adamuz, Cristian"]
[Black "Petit Montes, Marc"]
[Result "1/2-1/2"]
[WhiteElo "1878"]
[BlackElo "1770"]
[PlyCount "79"]
[EventDate "2016.08.02"]
[EventType "swiss"]
[EventRounds "9"]
[EventCountry "ESP"]
[SourceTitle "CBM 174 Extra"]
[Source "ChessBase"]
[SourceDate "2016.10.10"]
[SourceVersion "1"]
[SourceVersionDate "2016.10.10"]
[SourceQuality "1"]

1. Nf3 d5 2. g3 Nf6 3. Bg2 Bf5 4. c4 c6 5. b3 e6 6. Bb2 Nbd7 7. 0-0 Be7 8. d4 0-0 9. Nh4 Bg6 10. Nxg6 hxg6 11. Nd2 a5 12. a3 b6 13. e4 dxe4 14. Nxe4 Nxe4 15. Bxe4 Rc8 16. Qe2 Bf6 17. Rad1 Qe7 18. Rfe1 Rfe8 19. Qd2 c5 20. d5 Bxb2 21. dxe6 Qxe6 22. Bb7 Ne5 23. Qxb2 Rc7 24. f4 Rxb7 25. Rxe5 Qc6 26. Qe2 Rbb8 27. Re1 Rxe5 28. Qxe5 Rd8 29. Kf2 Qd7 30. Qc3 Qh3 31. Kg1 Qf5 32. Re5 Qd3 33. Qxd3 Rxd3 34. b4 cxb4 35. axb4 axb4 36. Rb5 b3 37. Rxb6 Rc3 38. Rb8+ Kh7 39. c5 Rxc5 40. Rxb3 1/2-1/2

[Event "Badalona op-B 41st"]
[Site "Badalona"]
[Date "2015.08.07"]
[Round "6"]
[White "Ramon Serrano, Francisco Javier"]
[Black "Petit Montes, Marc"]
[Result "1-0"]
[WhiteElo "2163"]
[BlackElo "2083"]
[PlyCount "143"]
[EventDate "2015.08.02"]
[EventType "swiss"]
[EventRounds "9"]
[EventCountry "ESP"]
[SourceTitle "EXT 2016"]
[Source "ChessBase"]
[SourceDate "2015.10.08"]
[SourceVersion "1"]
[SourceVersionDate "2015.10.08"]
[SourceQuality "1"]

1. d4 d5 2. Nf3 Nf6 3. Bg5 e6 4. c4 c6 5. cxd5 exd5 6. Nc3 Be7 7. Qc2 Bg4 8. Ne5 Bh5 9. e3 Nbd7 10. Nxd7 Qxd7 11. Bd3 Qg4 12. f4 Bg6 13. 0-0 Bxd3 14. Qxd3 h6 15. h3 Qd7 16. Bh4 Ne4 17. Nxe4 Bxh4 18. Nc5 Qe7 19. Rac1 0-0 20. Rf3 Rac8 21. Qf5 Rfd8 22. g3 Bf6 23. g4 g6 24. Qc2 b6 25. Nd3 Qe4 26. Qd1 Be7 27. f5 gxf5 28. Nf2 Qe6 29. gxf5 Qd7 30. Ng4 Kh8 31. Nxh6 Bd6 32. Qe1 Rg8+ 33. Nxg8 Rxg8+ 34. Kh1 Qe7 35. Qe2 Qe4 36. Rg1 c5 37. Rxg8+ Kxg8 38. Qg2+ Kf8 39. f6 cxd4 40. exd4 Qxd4 41. Qc2 Bc5 42. Rf1 Qh4 43. Qf5 Kg8 44. Qg4+ Qxg4 45. hxg4 Kh7 46. Rf5 Kg6 47. Rxd5 Kxf6 48. Kg2 Ke6 49. Rf5 f6 50. Kf3 Bd4 51. b3 a6 52. Ke4 Bc5 53. Rh5 Bd6 54. Rh6 Bf8 55. Rh8 Bc5 56. Re8+ Kd6 57. Ra8 a5 58. Kf5 Bd4 59. Rd8+ Kc5 60. Rxd4 Kxd4 61. Kxf6 Kc3 62. g5 Kb2 63. g6 Kxa2 64. g7 Kxb3 65. g8Q+ Kb4 66. Ke5 b5 67. Kd4 Ka3 68. Qg3+ Ka4 69. Qc3 b4 70. Qc5 b3 71. Kc4 b2 72. Qb5+ 1-0

[Event "Barcelona Catalunya op 26th"]
[Site "Barcelona"]
[Date "2014.11.01"]
[Round "5"]
[White "Colom Andres, Xavier"]
[Black "Petit Montes, Marc"]
[Result "1-0"]
[WhiteElo "2133"]
[BlackElo "2040"]
[PlyCount "65"]
[EventDate "2014.09.27"]
[EventType "swiss"]
[EventRounds "9"]
[EventCountry "ESP"]
[SourceTitle "EXT 2017"]
[Source "ChessBase"]
[SourceDate "2016.10.25"]
[SourceVersion "1"]
[SourceVersionDate "2016.10.25"]
[SourceQuality "1"]

1. c4 Nf6 2. Nc3 d5 3. cxd5 Nxd5 4. g3 c6 5. Bg2 g6 6. Nf3 Bg7 7. 0-0 0-0 8. d4 Bg4 9. e4 Nxc3 10. bxc3 e5 11. Be3 Nd7 12. Rb1 b6 13. Qc2 Bxf3 14. Bxf3 Qc7 15. Be2 Rad8 16. Rfd1 Rfe8 17. f4 exd4 18. cxd4 Nf6 19. Bf3 h5 20. Rb3 Qd7 21. Rc3 Ng4 22. e5 Nxe3 23. Rxe3 Rc8 24. Rc3 c5 25. dxc5 Qb5 26. cxb6 Qxb6+ 27. Kg2 Rxc3 28. Qxc3 f6 29. Rd6 Qb5 30. exf6 Bf8 31. f7+ Kxf7 32. Qf6+ Kg8 33. Bd5+ 1-0

[Event "Barcelona Catalunya op 26th"]
[Site "Barcelona"]
[Date "2014.10.11"]
[Round "3"]
[White "Jimenez Martinez, Xavier"]
[Black "Petit Montes, Marc"]
[Result "0-1"]
[WhiteElo "2066"]
[BlackElo "2040"]
[PlyCount "63"]
[EventDate "2014.09.27"]
[EventType "swiss"]
[EventRounds "9"]
[EventCountry "ESP"]
[SourceTitle "EXT 2017"]
[Source "ChessBase"]
[SourceDate "2016.10.25"]
[SourceVersion "1"]
[SourceVersionDate "2016.10.25"]
[SourceQuality "1"]

1. d4 d5 2. c4 c6 3. e3 Nf6 4. Nc3 e6 5. Nf3 Nbd7 6. Bd3 Bd6 7. 0-0 dxc4 8. Bxc4 0-0 9. e4 e5 10. Bg5 h6 11. Bh4 b5 12. Bb3 b4 13. Na4 g5 14. Bg3 Nxe4 15. Qc2 Ndf6 16. dxe5 Bf5 17. Nd4 Bh7 18. Nxc6 Nxg3 19. Qc4 Qd7 20. fxg3 Rac8 21. Rxf6 Bxe5 22. Nxe5 Qe7 23. Ng6 Qe3+ 24. Kf1 Rxc4 25. Bxc4 Kg7 26. Rf3 Qd4 27. Nxf8 Qxc4+ 28. Ke1 Kxf8 29. Rd1 Bc2 30. Rd7 Qe6+ 31. Kd2 Qxd7+ 32. Kxc2 0-1

[Event "Barcelona Catalunya op 26th"]
[Site "Barcelona"]
[Date "2014.09.27"]
[Round "1"]
[White "Petit Montes, Marc"]
[Black "Thomas Font, Fernando"]
[Result "1/2-1/2"]
[WhiteElo "2040"]
[BlackElo "1808"]
[PlyCount "72"]
[EventDate "2014.09.27"]
[EventType "swiss"]
[EventRounds "9"]
[EventCountry "ESP"]
[SourceTitle "EXT 2017"]
[Source "ChessBase"]
[SourceDate "2016.10.25"]
[SourceVersion "1"]
[SourceVersionDate "2016.10.25"]
[SourceQuality "1"]

1. d4 d5 2. c4 c6 3. Nc3 Nf6 4. Nf3 e6 5. e3 Nbd7 6. b3 Bb4 7. Bd2 b6 8. Bd3 0-0 9. 0-0 Bxc3 10. Bxc3 Re8 11. Qc2 Bb7 12. Ne5 Nf8 13. Rac1 Rc8 14. c5 b5 15. a4 a6 16. axb5 axb5 17. Ra1 Qc7 18. f4 Ra8 19. g4 Qe7 20. f5 N6d7 21. b4 Nxe5 22. dxe5 exf5 23. Bxf5 g6 24. Bd3 Rxa1 25. Rxa1 Qg5 26. Qf2 Ra8 27. Qf4 Rxa1+ 28. Bxa1 Ne6 29. Qxg5 Nxg5 30. Kf2 Bc8 31. h4 Ne6 32. Kf3 h6 33. Bd4 Nxd4+ 34. exd4 Be6 35. Kf4 Kg7 36. Be2 Kf8 1/2-1/2

[Event "Barcelona Sant Marti op 5th"]
[Site "Barcelona"]
[Date "2014.09.13"]
[Round "8.3"]
[White "Dominguez Rueda, Juan"]
[Black "Petit Montes, Marc"]
[Result "1-0"]
[WhiteElo "2245"]
[BlackElo "2040"]
[PlyCount "82"]
[EventDate "2014.09.13"]
[EventType "swiss"]
[EventRounds "9"]
[EventCountry "ESP"]
[SourceTitle "EXT 2024"]
[Source "ChessBase"]
[SourceDate "2023.10.10"]
[SourceVersion "1"]
[SourceVersionDate "2023.10.10"]
[SourceQuality "1"]

1. e4 c6 2. d3 d5 3. Nd2 e5 4. Ngf3 Bg4 5. h3 Bxf3 6. Qxf3 Qf6 7. exd5 Qxf3 8. Nxf3 Bd6 9. dxc6 Nxc6 10. Bd2 f5 11. 0-0-0 Nf6 12. Bc3 0-0 13. d4 Ne4 14. dxe5 Bc5 15. Bc4+ Kh8 16. Rd7 Bxf2 17. e6 Be3+ 18. Bd2 Nxd2 19. Nxd2 Ne5 20. Bb5 Rfd8 21. Rf1 Nxd7 22. Bxd7 g6 23. Kd1 Bxd2 24. Kxd2 Rxd7+ 25. exd7 Rd8 26. c4 Rxd7+ 27. Kc3 Kg7 28. b4 Kf6 29. Re1 g5 30. c5 f4 31. b5 h5 32. Kc4 g4 33. hxg4 hxg4 34. c6 bxc6 35. bxc6 Rc7 36. Kd5 Kg5 37. Kd6 Rf7 38. c7 Rxc7 39. Kxc7 f3 40. gxf3 gxf3 41. a4 Kf4 1-0

[Event "Barcelona Sant Marti op 5th"]
[Site "Barcelona"]
[Date "2014.09.13"]
[Round "3.5"]
[White "Petit Montes, Marc"]
[Black "Ayats Llobera, Gerard"]
[Result "0-1"]
[WhiteElo "2040"]
[BlackElo "2160"]
[PlyCount "114"]
[EventDate "2014.09.13"]
[EventType "swiss"]
[EventRounds "9"]
[EventCountry "ESP"]
[SourceTitle "EXT 2024"]
[Source "ChessBase"]
[SourceDate "2023.10.10"]
[SourceVersion "1"]
[SourceVersionDate "2023.10.10"]
[SourceQuality "1"]

1. d4 Nf6 2. Bg5 Ne4 3. Bh4 g5 4. f3 gxh4 5. fxe4 e6 6. Nf3 Bh6 7. Nc3 d6 8. Qd3 Nc6 9. a3 Bd7 10. e3 a6 11. Be2 Qe7 12. 0-0-0 0-0-0 13. Kb1 Rdg8 14. Rhg1 Rg6 15. d5 Nb8 16. Nd4 Qg5 17. Qc4 e5 18. Nf5 Bf8 19. g4 Rhg8 20. h3 Qd8 21. Na4 b5 22. Qb4 bxa4 23. Rd3 Bb5 24. c4 c5 25. dxc6 Bxc6 26. c5 Bb5 27. Nxd6+ Bxd6 28. Rxd6 Rxd6 29. cxd6 Nc6 30. Qc5 Bxe2 31. Qxc6+ Kb8 32. Rc1 Bb5 33. Qd5 Qb6 34. Qxf7 Rc8 35. Rxc8+ Kxc8 36. d7+ Bxd7 37. Qc4+ Qc6 38. Qg8+ Kc7 39. Qxh7 Kb6 40. Qxh4 Qxe4+ 41. Ka1 Qxe3 42. Qf6+ Bc6 43. Ka2 Qe1 44. Qe6 Qe4 45. Ka1 Qh1+ 46. Ka2 Qxh3 47. Qc4 Qh7 48. Qb4+ Kc7 49. Qc5 Qd7 50. Qa7+ Kd6 51. Qf2 Qe6+ 52. Kb1 Qxg4 53. Qd2+ Bd5 54. Qb4+ Qxb4 55. axb4 Kc6 56. Kc2 Kb5 57. Kc3 e4 0-1

[Event "Barcelona Sant Marti op-B 16th"]
[Site "Barcelona"]
[Date "2014.07.20"]
[Round "8"]
[White "Sobrevia Castellar, Lluis"]
[Black "Petit Montes, Marc"]
[Result "0-1"]
[WhiteElo "1975"]
[BlackElo "2040"]
[PlyCount "86"]
[EventDate "2014.07.13"]
[EventType "swiss"]
[EventRounds "9"]
[EventCountry "ESP"]
[SourceTitle "CBM 161 Extra"]
[Source "ChessBase"]
[SourceDate "2014.08.29"]
[SourceVersion "1"]
[SourceVersionDate "2014.08.29"]
[SourceQuality "1"]

1. d4 c6 2. c4 d5 3. e3 Nf6 4. Nc3 e6 5. Nf3 Nbd7 6. Be2 dxc4 7. Bxc4 Be7 8. 0-0 0-0 9. Qe2 b5 10. Bb3 a6 11. Rd1 Bb7 12. e4 Qc7 13. Bg5 e5 14. dxe5 Nxe5 15. Nxe5 Qxe5 16. f4 Qc7 17. e5 Ne8 18. Bxe7 Qxe7 19. Qd3 Nc7 20. Qd7 Rfe8 21. Rd6 c5 22. Rad1 c4 23. Bc2 b4 24. Na4 Nb5 25. Qxe7 Rxe7 26. Rd8+ Re8 27. Rxe8+ Rxe8 28. Nc5 Bc8 29. Ba4 c3 30. Rc1 Rd8 31. Bxb5 cxb2 32. Rb1 axb5 33. Rxb2 Rd4 34. g3 g5 35. Rf2 Bh3 36. Re2 gxf4 37. gxf4 Rxf4 38. Re1 Rc4 39. Na6 Rg4+ 40. Kf2 Rg2+ 41. Kf3 Rxa2 42. Nxb4 Rxh2 43. Kg3 Rb2 0-1

[Event "Barcelona Sant Marti op-B 16th"]
[Site "Barcelona"]
[Date "2014.07.13"]
[Round "1"]
[White "Petit Montes, Marc"]
[Black "Recacha Limeres, Sergio"]
[Result "1-0"]
[WhiteElo "2040"]
[BlackElo "1839"]
[PlyCount "47"]
[EventDate "2014.07.13"]
[EventType "swiss"]
[EventRounds "9"]
[EventCountry "ESP"]
[SourceTitle "CBM 161 Extra"]
[Source "ChessBase"]
[SourceDate "2014.08.29"]
[SourceVersion "1"]
[SourceVersionDate "2014.08.29"]
[SourceQuality "1"]

1. d4 Nf6 2. c4 c5 3. d5 b5 4. cxb5 a6 5. bxa6 Bxa6 6. Nc3 g6 7. g3 d6 8. Bg2 Bg7 9. Nf3 0-0 10. 0-0 Nbd7 11. Re1 Bb7 12. h3 Ra6 13. e4 Qa8 14. Bf1 Ne8 15. Bxa6 Bxa6 16. Qc2 f5 17. Ng5 Nc7 18. exf5 Rxf5 19. Rxe7 Nxd5 20. Qe4 Ne5 21. Qxd5+ Qxd5 22. Nxd5 Bc4 23. Re8+ Bf8 24. Ne7+ 1-0

[Event "Barcelona Sant Marti op-B 15th"]
[Site "Barcelona"]
[Date "2013.07.18"]
[Round "6"]
[White "Petit Montes, Marc"]
[Black "Salazar Navas, Josep"]
[Result "1-0"]
[WhiteElo "1656"]
[BlackElo "1789"]
[PlyCount "59"]
[EventDate "2013.07.13"]
[EventType "swiss"]
[EventRounds "9"]
[EventCountry "ESP"]
[SourceTitle "CBM 155 Extra"]
[Source "ChessBase"]
[SourceDate "2013.08.26"]
[SourceVersion "1"]
[SourceVersionDate "2013.08.26"]
[SourceQuality "1"]

1. b3 e5 2. Bb2 Nc6 3. e3 g6 4. Bb5 Nge7 5. Bxc6 Nxc6 6. f4 Bg7 7. Nf3 d6 8. h3 0-0 9. 0-0 Bf5 10. d3 e4 11. Bxg7 Kxg7 12. dxe4 Bxe4 13. Nc3 Re8 14. Ng5 d5 15. Ngxe4 dxe4 16. f5 Qg5 17. f6+ Kg8 18. Rf4 Rad8 19. Qe1 Nb4 20. Nxe4 Rxe4 21. Rxe4 Nxc2 22. Rd1 Qxf6 23. Rxd8+ Qxd8 24. Qc3 Na3 25. Qc5 Nb1 26. Qc1 Qd3 27. Rd4 Qf5 28. Rd1 Qe5 29. Qxb1 Qxe3+ 30. Kh1 1-0